| 000 | 00674cam a2200241 4500500 | ||
|---|---|---|---|
| 005 | 20260405003010.0 | ||
| 041 | _afre | ||
| 042 | _adc | ||
| 100 | 1 | 0 |
_aGastineau, Nicolas _eauthor |
| 245 | 0 | 0 | _aTout Homère |
| 260 | _c2019. | ||
| 500 | _a71 | ||
| 690 | _aAntiquité | ||
| 690 | _aGrèce | ||
| 690 | _aHeinz Wismann | ||
| 690 | _aHélène Monsacré | ||
| 690 | _aHomère | ||
| 690 | _aIliade | ||
| 690 | _aOdyssée | ||
| 690 | _aPierre Judet de La Combe | ||
| 786 | 0 | _nPhilosophie magazine | 135 | 12 | 2019-12-01 | p. 40-40 | 1951-1787 | |
| 856 | 4 | 1 | _uhttps://shs.cairn.info/magazine-philosophie-magazine-2019-12-page-40?lang=fr&redirect-ssocas=7080 |
| 999 |
_c2063370 _d2063370 |
||